| 000 | 00809nam a2200253Ia 4500 | ||
|---|---|---|---|
| 003 | OSt | ||
| 005 | 20250305101630.0 | ||
| 008 | 210210b1994 xxu||||| |||| 00| 0 eng d | ||
| 040 | _cAL | ||
| 041 | _aKannada | ||
| 082 | _aK894.2 PARE | ||
| 100 |
_aPARAMASHIVAYYA (G Sham), Ed. _dಪರಮಶಿವಯ್ಯ (ಜಿ ಶಾಮ್) _9204025 |
||
| 245 |
_aEluru devara kalaga. (janapada kavya). _bಏಳೂರು ದೇವರ ಕಾಳಗ. (ಜಾನಪದ ಕಾವ್ಯ). |
||
| 260 |
_aBengaluru. _bKarnataka Janapada mattu Yakshagana Akademi., _c1994 |
||
| 300 | _ax,72 | ||
| 650 |
_akavya). _9204026 |
||
| 650 |
_akalaga. _9204027 |
||
| 650 |
_aEluru _9204028 |
||
| 650 |
_adevara _9204029 |
||
| 650 |
_a(janapada _9204030 |
||
| 690 |
_aKannada Drama _9204031 |
||
| 906 | _a057767 | ||
| 942 |
_2ddc _cBK |
||
| 999 |
_c105135 _d105135 |
||